Los cuentos del abuelo Florián : (o Cuatro fábulas al revés) /
Guardado en:
| Autor Principal: | |
|---|---|
| Otros Autores: | |
| Formato: | Libro |
| Idioma: | Undetermined |
| Publicado: |
Madrid :
SM.,
2016.
|
| Series: | El barco de vapor ;
27 |
| Materias: | |
| Etiquetas: |
Agregar Etiqueta
Sin Etiquetas, Sea el primero en etiquetar este registro!
|
| LEADER | 00643nam a22001935a 4500 | ||
|---|---|---|---|
| 001 | CEM.cems019810 | ||
| 008 | 221026s2016####sp############000#0#und#d | ||
| 005 | 20221027091329.0 | ||
| 245 | 1 | 0 | |a Los cuentos del abuelo Florián : |b (o Cuatro fábulas al revés) / |c Norma Huidobro; ilustrador Pablo Tambuscio. |
| 260 | |a Madrid : |b SM., |c 2016. | ||
| 490 | 1 | |a El barco de vapor ; |v 27 | |
| 020 | |a 9789877313543 | ||
| 100 | 1 | |a Huidobro, Norma. | |
| 700 | 1 | |a Tambuscio, Pablo; il. | |
| 082 | 0 | 4 | |a A868.4 |
| 653 | |a Literatura Infantil | ||
| 653 | |a Literatura Juvenil | ||
| 653 | |a Cuentos | ||
| 859 | |a CEMS |b BIB. CEMS - Inicial y Primaria |h A868.4 |i H876 |k IP |p 6098 |t Ej.1 | ||
